000 00493pam a2200169 a 4500
020 _a0582246326
040 _cDLC
082 0 0 _a333 ADD 1996 A077 Co.
100 1 _aCommon, Michael S.
245 1 0 _aEnvironmental and resource economics :
_ban introduction /
250 _a2nd ed.
260 _aHarlow, Essex ;
_aNew York :
_bAddison Wesley Longman Ltd,
_c1996.
300 _axvi, 448 p. :
_bill. ;
_c24 cm.
650 0 _aEconomic development
650 0 _aEnvironmental policy.
942 _cEK
999 _c15601
_d15601